000 00437nam a2200181Ia 4500
005 20240823014620.0
008 240823s9999||||xx |||||||||||||| ||und||
041 _aENGLISH
082 _A621.381 N2
100 _aMalvino
245 0 _aDigital Principles and Applications
250 _a4th
260 _c1992
_b"TMH,New Delhi"
500 _aTRANSFERED
650 _aDigital
_bComputer Applications
942 _cBK
999 _c170493
_d170493